000 00657nam a2200229Ia 4500
001 431
003 GE_BSU
008 181216s||||||||xx |||||||||||||| ||und||
020 _a9994058843
040 _cGE_BSU
080 _a339.923
100 _aგადელია,დემურ
245 _aფინანსური მენეჯმენტი
245 _cრედ.რევაზ კაკულია
260 _aთბილისი
260 _bფინანსები
260 _c2006
300 _a300გვ.
541 _h12ლ.
653 _aფინანსური მენეჯმენტი
942 _cBK
999 _c34655
_d34655